<?xml version="1.0" encoding="utf-8"?>
<?xml-stylesheet type='text/xsl' href='./oai2.xsl'?>
<OAI-PMH xmlns="http://www.openarchives.org/OAI/2.0/" xmlns:xsi="http://www.w3.org/2001/XMLSchema-instance" xsi:schemaLocation="http://www.openarchives.org/OAI/2.0/ http://www.openarchives.org/OAI/2.0/OAI-PMH.xsd">
  <responseDate>2026-04-29T11:27:27Z</responseDate>
  <request verb="GetRecord" metadataPrefix="marcxml" identifier="isil_DE-35_wendzeic_00052697_0002">https://kulturerbe.niedersachsen.de/oai</request>
  <GetRecord>
    <record>
      <header>
        <identifier>isil_DE-35_wendzeic_00052697_0002</identifier>
        <datestamp>2014-04-29T09:46:10Z</datestamp>
        <setSpec>slg0025</setSpec>
      </header>
      <metadata>
        <marc:record xmlns:marc="http://www.loc.gov/MARC21/slim" xsi:schemaLocation="http://www.loc.gov/MARC21/slim http://www.loc.gov/standards/marcxml/schema/MARC21slim.xsd">
          <marc:leader>12345npm  22     uu 4500</marc:leader>
          <marc:controlfield tag="001">wendzeic_00052697_0002</marc:controlfield>
          <marc:controlfield tag="005">2014-04-29T11:46:10</marc:controlfield>
          <marc:controlfield tag="008">|           ||||||||||||||||||||||</marc:controlfield>
          <marc:datafield tag="245" ind1="1" ind2="0">
            <marc:subfield code="a">Zeichnung Von 181. Stück. Auslaendischer Pflanzen, Welche Sich Auf Dem Königl. Berggarten Zu Herrnhausen Bei Hannover Befinden.</marc:subfield>
          </marc:datafield>
          <marc:datafield tag="720" ind1=" " ind2=" ">
            <marc:subfield code="a">Wendland</marc:subfield>
          </marc:datafield>
          <marc:datafield tag="655" ind1=" " ind2="7">
            <marc:subfield code="a">Handschriften</marc:subfield>
          </marc:datafield>
          <marc:datafield tag="655" ind1=" " ind2="7">
            <marc:subfield code="a">Grafik</marc:subfield>
          </marc:datafield>
          <marc:datafield tag="046" ind1=" " ind2=" ">
            <marc:subfield code="k">1789</marc:subfield>
            <marc:subfield code="k">1789</marc:subfield>
          </marc:datafield>
          <marc:datafield tag="260" ind1=" " ind2=" ">
            <marc:subfield code="a">Herrenhausen</marc:subfield>
            <marc:subfield code="g">1789</marc:subfield>
            <marc:subfield code="g">1789</marc:subfield>
          </marc:datafield>
          <marc:datafield tag="300" ind1=" " ind2=" ">
            <marc:subfield code="a">188 Bl. Aquarelle, 1 Kupferstich (eingelegtes Blatt) 307 x 195 mm; eingelegtes Bl.: 300 x 244 mm</marc:subfield>
          </marc:datafield>
          <marc:datafield tag="520" ind1=" " ind2=" ">
            <marc:subfield code="a">Pflanzenaquarelle von Johann Christoph Wendland (der tit. Meistergeselle Johann Christoph Wendland ist im Herbst 1784 zum Ersten Plantagegärtner ernannt worden): weitere (vgl. Bd.1) 90 verschiedene Arten bzw. 182 Arten und Sorten, alphabetisch geordnet, z. T. mit späteren Korrekturen (botanischer Name) von eigener Hand. Detaillierte Darstellung von Zweig, Blatt und Knospe, teilweise zusätzliche Abbildung von Blüten- oder Blattaufbau, bei Zwiebel- oder Knollengewächsen sind diese meist mitskizziert. Bl. 62 enthält 2 verschiedene Sorten. Auf eingelegtem Blatt: Bleistiftskizze von Passiflora vespertilio, Dill. Fig. 164 [ ], auf Vorderseite Kupferstich: Erica grandiflora L.; Stecher: J. C. Wendland. Register: Seite, Gattung, Art, Autorenkürzel

Physische Beschreibung:
Einband: Papier, bestossen und berieben</marc:subfield>
          </marc:datafield>
          <marc:datafield tag="500" ind1=" " ind2=" ">
            <marc:subfield code="a" />
          </marc:datafield>
          <marc:datafield tag="856" ind1=" " ind2=" ">
            <marc:subfield code="u">http://digitale-sammlungen.gwlb.de/gwlb/docs/00052697-1.pdf</marc:subfield>
          </marc:datafield>
          <marc:datafield tag="650" ind1="1" ind2=" ">
            <marc:subfield code="a">Zeichnung</marc:subfield>
          </marc:datafield>
          <marc:datafield tag="773" ind1="0" ind2=" ">
            <marc:subfield code="t">Königliche Gartenbibliothek Herrenhausen – Grafiken, Pläne und weitere Materialien</marc:subfield>
          </marc:datafield>
          <marc:datafield tag="852" ind1=" " ind2=" ">
            <marc:subfield code="a">Gottfried Wilhelm Leibniz Bibliothek - Niedersächsische Landesbibliothek</marc:subfield>
          </marc:datafield>
          <marc:datafield tag="" ind1=" " ind2=" ">
            <marc:subfield code="a">Public Domain Mark 1.0</marc:subfield>
          </marc:datafield>
          <marc:datafield tag="" ind1=" " ind2=" ">
            <marc:subfield code="a">Dieses Exponat kann nur nach vorheriger Rücksprache zur Verfügung gestellt werden.</marc:subfield>
          </marc:datafield>
        </marc:record>
      </metadata>
    </record>
  </GetRecord>
</OAI-PMH>
